01891nam a2200277Ia 450000500170000000800410001704000530005804100130011124500480012424600170017226000650018930000390025450003010029350803340059451101680092854600720109658601020116865000340127065000350130465000400133965000250137970000300140471000220143476500170145685601400147320140728154008.0130821s1993 xxu g q mlmul d aCoOBoUCMbspacOscar Anaya (modificó)d[Nuevo] aengaspa00aFiladelfiacJonathan Demme, directorh[DVD]13aPhiladelphia aSacramento (California, Estados Unidos)bTristar Videoc1993 a1 DVD, 125 minutosbimagen, sonido aSINOPSIS: Andrew Beckett, joven inteligente y con brillante futuro es homosexual y tiene un amante latino. Cuando los primeros signos de su enfermedad se hacen evidentes es repentinamente despedido acusado de negligencia, pero el sabe la verdadera razón y presenta una demanda contra la empresa aCRÉDITOS: Dirigida por Jonathan Demme ; escrita por Ron Nyswaner ; producida por Ron Bozman ; música por Howard Shore ; fotografía por Tak Fujimoto ; diseño de producción por Kristi Zea ; dirección de arte por Tim Galvin ; ambientación por Karen O'Hara ; vestuario por Colleen Atwood ; maquillaje por Carl Fullerton0 aREPARTO: Tom Hanks, Denzel Washington, Roberta Maxwell, Buzz Kilman, Karen Finley, Daniel Chapman, Mark Sorensen Jr., Jeffrey Williamson, Charles Glenn, Ron Vawter aAudio en inglés, francés y español. Subtítulos en español aGanadora de dos premios Oscar de la Academia, 1994 (mejor actor protagónico, música original)04aDiscriminación laboralvDVD04aHomosexualidad en el cinevDVD04aPelículas cinematográficasvDVD04aSida en el cinevDVD1 aDemme, Jonathanedirector2 aTristar Pictures.0 aPhiladelphia40uhttp://www.youtube.com/watch?v=wHSH-NpCQOwzSiga este enlace para ver el trailerzTrailer tomado del canal MOVIECLIPS vía YouTube.com